| 000 | 00000nas##2200000za#4500 |
| 001 | 9.507593 |
| 003 | CaOODSP |
| 005 | 20200427130733 |
| 007 | cr ||||||||||| |
| 008 | 150406c2008||||xxc|| p o||||f| |0eng|d |
| 040 | |aCaOODSP|beng |
| 043 | |an-cn--- |
| 086 | 1 |aR61-92E-PDF |
| 110 | 2 |aParks Canada. |
| 245 | 10|aAnnual report of research and monitoring in Wapusk National Park |h[electronic resource] |
| 260 | |bParks Canada |
| 310 | |aBiennial |
| 362 | 1 |a[2007/2008 - 2009/2010] |
| 775 | 08|tRapport annuel sur la recherche et la surveillance dans le parc national du Canada Wapusk |w(CaOODSP)9.503978 |
| 785 | 00|tReport on research and monitoring in Wapusk National Park |w(CaOODSP)9.507815 |